| 000 | 01684nam a2200289Ia 4500 | ||
|---|---|---|---|
| 999 |
_c55191 _d55191 |
||
| 001 | 22266 | ||
| 003 | GE_BSU | ||
| 005 | 20230216154822.0 | ||
| 008 | 181216s ||||ge |||||||||||||| ||geo|| | ||
| 020 | _a978-9941-13-326-8 | ||
| 040 | _cGE_BSU | ||
| 041 | _ageo | ||
| 080 | _a81'374(038)=353.1 ჯ-71 | ||
| 100 |
_aჯორბენაძე, ბ. _97226 |
||
| 245 |
_aქართული ენის სახელური ფუძეების ლექსიკონი : _bმასალები ქართული ენის სისტემური კურსისათვის / _cმ. კიკონიშვილი, ნ. ლოლაძე, ბ. ჯორბენაძე ; მთ. რედ. გიორგი გოგოლაშვილი. |
||
| 264 |
_aთბილისი : _bთბილ. უნ-ტის გამ-ბა, _c2014. |
||
| 300 |
_a868 გვ. ; _c25 სმ. |
||
| 500 | _aსაძიებელი გვ. : 767-864 | ||
| 504 | _aბიბლიოგრ. გვ. : 865-867 | ||
| 541 | _h45 ლ. | ||
| 653 | _aქართული ენის სახელური ფუძეების ლექსიკონი | ||
| 700 |
_aლოლაძე, ნ. _eავტორი _916949 |
||
| 700 |
_aკიკონიშვილი, მ. _eავტორი _916950 |
||
| 700 |
_aგოგოლაშვილი, გიორგი _eრედაქტორი _92128 |
||
| 710 |
_aთსუ _bარნოლდ ჩიქობავას სახელობის ენათმეცნათმეცნიერების ინსტიტუტიტი _916951 |
||
| 942 |
_cBK _2udc |
||